| 000 | 00413nam a2200157 a 4500 | ||
|---|---|---|---|
| 005 | 20140310183300.0 | ||
| 008 | 041209s19uu xx 00 eng d | ||
| 050 |
_aPS 3568 _b.R495 2001 |
||
| 100 | _aRice, Anne | ||
| 245 |
_aMerrick: _ba vampire chronicle / _cAnne Rice. |
||
| 260 |
_aUSA : _bBallantine Books, _c2001. |
||
| 300 |
_a370 p. : _c18 cm. |
||
| 650 | _aFiction. | ||
| 942 |
_cBK _2lcc |
||
| 999 |
_c20941 _d20941 |
||